Nové techniky spracovania optických signálov v optickom bezdrôtovom médiu

Saved in:
Bibliographic Details
Main Author: Bachratý, Samuel (Author)
Other Authors: Róka, Rastislav (Thesis advisor)
Format: Manuscript Book
Language:Slovak
Published: Bratislava : STU v Bratislave FEI, 2022
Subjects:
Online Access:https://opac.crzp.sk/?fn=detailBiblioFormChildG61J9&sid=2990E1F3D3E255467B833659E9F3&seo=CRZP-detail-kniha
Tags: Add Tag
No Tags, Be the first to tag this record!

MARC

LEADER 00000ntm a22000003a 4500
001 stuzp87255
003 SK-STU
005 20230118101652.8
007 ta
008 150427s2015----xo-----f-mn---000-0-slo-d
040 |a STU  |b slo 
041 0 |a slo 
044 |a xo 
100 1 |a Bachratý, Samuel  |u 037000  |4 aut  |U FEI Fakulta elektrotechniky a informatiky  |T FEI Ústav multimediálnych informačných a komunikačných technológií  |X 92540  |U E070  |Y 818  |7 92540 
242 0 1 |a New Processing Techniques of Optical Signals in the Optical Wireless Medium  |y eng 
245 1 0 |a Nové techniky spracovania optických signálov v optickom bezdrôtovom médiu 
260 |a Bratislava :  |b STU v Bratislave FEI,  |c 2022 
300 |a 58 s., príl. 
650 4 |a FBMC  |2 slo 
650 4 |a Matlab  |2 slo 
650 4 |a FSO  |2 slo 
650 4 |a Simulink  |2 slo 
650 4 |a BER  |2 slo 
650 4 |a FBMC  |2 eng 
650 4 |a Matlab  |2 eng 
650 4 |a BER  |2 eng 
650 4 |a FSO  |2 eng 
650 4 |a Simulink  |2 eng 
700 1 |a Róka, Rastislav  |u 037000  |k Z1  |4 ths  |U FEI Fakulta elektrotechniky a informatiky  |T FEI Ústav multimediálnych informačných a komunikačných technológií  |X 1946  |U E070  |Y 818  |7 A000001946 
856 4 |u https://opac.crzp.sk/?fn=detailBiblioFormChildG61J9&sid=2990E1F3D3E255467B833659E9F3&seo=CRZP-detail-kniha